000 00727cam a2200205 4500
001 1583
005 20181127163540.0
008 060622s2005 ii a f000 0 eng
043 _aa-ii---
_aa-bt---
100 1 _aMalhotra, Varun.
245 1 0 _aDantak:
_bthe pioneer /
_cLt. Col. Varun Malhotra.
260 _a[Thimphu] :
_bProject Dantak, Bhutan,
_c2011.
300 _a131 p. :
_bchiefly col. ill. ;
_c22 x 30 cm.
650 _aEconomic development projects --Bhutan.
_v
_x
_y
_z
_2
651 _aBhutan --Social conditions.
_v
_x
_y
_z
_2
651 0 _aBhutan
_xRelations
_zIndia
_vPictorial works.
651 0 _aBhutan
_xRelations
_zIndia.
651 0 _aIndia
_xRelations
_zBhutan
_vPictorial works.
651 0 _aIndia
_xRelations
_zBhutan.
999 _c1181
_d1181